1379 1202 1753 1731 1241 1591 1514 1658 1068 1859 1287 1895 1615 1215 1657 1930 1090 1763 1207 1048 1350 1383 1548 1733 1741 1919 1518 1934 1982 1816 1969 1675 1877 1903 1930 1534 1590 1144 1958 1754 1469 1728 1486 1120 1811 1105 1681 1837 1216 1642 1690 1427 1092 1417 1448 1748 1843 1904 1137 1795 1959 1726 1680 1196 1302 1042 1013 1270 1040 1155 1858 1405 1379 1027 1331 1464 1722 1930 1752 1298 1965 1044 1810 1084 1002 1338 1144 1559 1051 1039 1409 1674 1692 1533 1730 1497 1171 1673 1858 BCNSPRNW ULIB Ver.6.0+V

เปลี่ยนเป็นภาษาไทย

Change to English
 แสดงรายละเอียดบรรณานุกรม
  กลับหน้าหลัก

Brief Record : Get Marc (ISO 2709) : E-mail record : QR code < ปิดหน้าต่าง
LEADER : 00000nas 2200000uu 4500
001    13399126184
003     ULIB
008    180711s2560||||th 000 0 tha d
022 0  ^a25868772
110 1  ^aวารสารโภชนาการ
245 00 ^aวารสารโภชนาการ/^cสมาคมโภชนาการแห่งประเทศไทย
260    ^aกรุงเทพฯ;^bสมาคมโภชนาการแห่งประเทศไทย,^c2560
310    ^aราย 6 เดือน
850 ^a ULIB^bปีที่ 52 ฉบับที่ 2 ฉ.1 ;ปีที่ 53 ฉบับที่ 1 ฉ.1
945    ^p0^l0^i904927
945    ^p0^l0^i905362
999    ^aประนอม เกษจรัล
รายการนี้ยังไม่มีแท็ก
คุณยังไม่ได้ล็อกอิน คุณสามารถมีกิจกรรมร่วมกับเว็บไซต์ได้ แต่ต้องล็อกอินก่อน ::
  ล็อกอิน

รายการสื่อสารสนเทศ (วารสาร)

ดูแบบ: กล่อง รายการ
ARRIVED
ปีที่ 52 ฉบับที่ 2 ฉ.1
สถานที่: ห้องสมุดวิทยาเขตสวรรค์ประชารักษ์ >วารสาร
ARRIVED
ปีที่ 53 ฉบับที่ 1 ฉ.1
สถานที่: ห้องสมุดวิทยาเขตสวรรค์ประชารักษ์ >วารสาร

BibComment


ยังไม่เคยถูกคอมเมนท์

คอมเมนท์ทรัพยากรรายการนี้
  คอมเมนท์: วารสารโภชนาการ ส..


 Copyright 2026. Bcnsprnw @Library